| Tag |
First Indicator |
Second Indicator |
Subfields |
| LEADER |
00000cam a22000001a 4500 |
| 001 |
in00002182913 |
| 006 |
m e d # |
| 007 |
cr mn mmmmabba |
| 008 |
810910q17901799mau s 000 0 eng d |
| 005 |
20260331160330.6 |
| 035 |
|
|
|z w014145
|
| 035 |
|
|
|a MAAR8109104405B
|
| 035 |
|
|
|9 mwa91-11559
|
| 035 |
|
|
|a 349138
|
| 035 |
|
|
|a aas03014145
|
| 040 |
|
|
|a MWA
|c MWA
|e bdrb
|d UtOrBLW
|
| 100 |
1 |
|
|a Wheaton, Hannah.
|
| 245 |
1 |
2 |
|a A New-Year's ode.
|
| 264 |
|
1 |
|a [Boston?] :
|b [publisher not identified],
|c [between 1790 and 1799]
|
| 300 |
|
|
|a 1 sheet (1 unnumbered page)
|
| 336 |
|
|
|a text
|b txt
|2 rdacontent
|
| 337 |
|
|
|a computer
|b c
|2 rdamedia
|
| 338 |
|
|
|a online resource
|b cr
|2 rdacarrier
|
| 500 |
|
|
|a Song in twelve stanzas; first line: While Gabriel strikes his tenfold strings.
|
| 500 |
|
|
|a Signed: Hannah Wheaton.
|
| 500 |
|
|
|a Other New Year's verses by Hannah Wheaton are dated December 1793 (Bristol B8856, Shipton & Mooney 46945) and January 1795 (Evans 29882), and were probably printed at Boston.
|
| 510 |
4 |
|
|a Bristol
|c B9422
|
| 510 |
4 |
|
|a Shipton & Mooney
|c 47679
|
| 510 |
4 |
|
|a Ford, W.C. Broadsides,
|c 2768
|
| 530 |
|
|
|a Microform version available in the Readex Early American Imprints series.
|
| 533 |
|
|
|a Electronic text and image data.
|b [Chester, Vt. :
|c Readex, a division of Newsbank, Inc.,
|d 2002-2004.
|e Includes files in TIFF, GIF and PDF formats with inclusion of keyword searchable text.
|f (Early American imprints. First series ; no. 47679).
|
| 500 |
|
|
|a Electronic resource.
|
| 650 |
|
0 |
|a New Year music.
|
| 655 |
|
7 |
|a Songs.
|2 rbgenr
|
| 655 |
|
7 |
|a Broadsides.
|2 rbgenr
|
| 752 |
|
|
|a United States
|b Massachusetts
|d Boston.
|
| 830 |
|
0 |
|a Early American imprints.
|n Series I,
|p Evans (1639-1800) ;
|v no. 47679.
|
| 856 |
4 |
1 |
|u http://proxy.library.tamu.edu/login?url=https://opac.newsbank.com/select/evans/47679
|y Evans Digital Edition
|t 0
|
| 999 |
|
|
|a MARS
|
| 999 |
f |
f |
|s 00182834-6ea1-3ccf-b821-bb0a95d66d8f
|i d02aa6be-7e61-373b-8edd-c97270877476
|t 0
|
| 952 |
f |
f |
|a Texas A&M University
|b College Station
|c Electronic Resources
|s www_evans
|d Available Online
|t 0
|h No information provided
|
| 998 |
f |
f |
|t 0
|l Available Online
|